Statistics for 1953 year quiz

Click here to take the quiz!

General Stats

  • This quiz has been taken 40 times
  • The average score is 6 of 10

Answer Stats

HintAnswer% Correct
A Nepali and a New Zealander conquer thisEverest
95%
Elizabeth II is crowned in this buildingWestminster Abbey
90%
Jacqueline Bouvier marries this manJohn F Kennedy
85%
A demilitarized zone is established, marking the political border on this peninsulaKorea
82%
Crick and Watson discover the structure of thisDNA
72%
The US and UK stage a coup here after Mossadeq nationalises an oil companyIran
69%
This monarch dies after founding state that bears his nameIbn Saud
36%
This Frenchman films his holidayM. Hulot
33%
This Soviet secret policeman is shot after Stalin diesBeria
28%
This Mau Mau independence leader jailed by the BritishKenyatta
21%

Score Distribution

Percentile by Number Answered

Percent of People with Each Score

Your Score History

You have not taken this quiz